00285nam a2200121Ia 4500008004100000041000900041082001800050100002100068245002300089260003500112300000800147650000800155230718s9999 xx 000 0 und d aEng. a346.03bNOW-L aNow Elähig Ch. 0aLand Revenue scé aPakistanbPugh (200 bookc2006 a348 aLaw